000 00267nam a2200085Ia 4500
008 170620s9999 xx 000 0 und d
100 _aKulshrestha- Pradeep Kumar (Hindi)
245 0 _aRaghav Path Yojna Series- Rasayan Vigyan Shikshan (Hindi)
260 _bAgra- Vinod Pustak Mandir
260 _c1996
999 _c23673
_d23673